Quel rôle joue Jean Lefebvre dans ce film ? - Statistiques

Statistiques générales
  • Ce quiz a été pris 4 fois
  • Le résultat moyen est 5 sur 28
Statistiques - réponses
Hint Réponse % Correct
1973 - Mais où est donc passée la septième compagnie ? Pithiviers
100%
1964 - Le Gendarme de Saint-Tropez Lucien Fougasse
75%
1967 - Un idiot à Paris Goubi
50%
1966 - Ne nous fâchons pas Léonard Michalon
50%
1963 - Les Tontons flingueurs Paul Volfoni
50%
1965 - Quand passent les faisans Arsène Baudu
25%
1963 - Faites sauter la banqu Contremaître
25%
1973 - Le Magnifique Electricien
25%
1973 - Quelques messieurs trop tranquilles Julien Michalon
25%
1974 - Impossible... pas français Louis Brisset
25%
1962 - Le Gentleman d'Epsom Charly
0%
1955 - Gas-oil Chauffeur de car
0%
1961 - La Belle Américaine Chef comptable
0%
1963 - Chair de poule Curé
0%
1967 - Le Fou du labo 4 Eugène Ballanchon
0%
1965 - On a volé la Joconde Gardien de musée
0%
2001 - Fifi Martingale Gaston Manzanarès
0%
1976 - Le Jour de gloire Grégoire
0%
1958 - Un drôle de dimanche Huissier
0%
1957 - L'Ami de la famille Jardinier
0%
1978 - Ils sont fous ces sorciers Julien Picard
0%
1966 - Du mou dans la gâchette Léon Dubois
0%
1966 - Angélique et le Roy Médecin
0%
1962 - Un clair de lune à Maubeuge Mineur
0%
1965 - Les Copains Restaurateur
0%
1975 - C'est pas parce qu'on a rien à dire qu'il faut fermer sa gueule... Riton
0%
1956 - Villa sans souci Valet de chambre
0%
1983 - Le Braconnier de Dieu Vincent Espérendieu
0%
Aucun quiz correspondant
Distribution des résultats
% des personnes avec chaque résultat
Percentile par nombre de réponses
Votre historique - résultats
Vous n’avez pas pris ce quiz